| 000 | 01591cam a2200289 i 4500 | ||
|---|---|---|---|
| 003 | SA-RiAUC | ||
| 005 | 20251005115005.0 | ||
| 008 | 250925s1984 gw g 000 0 ara c | ||
| 040 |
_aSA-JeALM _bara _cSA-RiAUC _erda |
||
| 043 | _ama----- | ||
| 082 | 0 | 4 | _a780.917 |
| 090 |
_aخ 780.917 _bا ر م |
||
| 100 | 1 |
_aالأرموي، عبد المؤمن بن يوسف بن فاخر، _dتوفي 693 هجري _eمؤلف. |
|
| 245 | 1 | 0 |
_aكتاب الأدوار والرسالة الشرفية في النسب التأليفية / _cصفي الدين الأرموي |
| 246 | 3 | 0 | _aالأدوار والرسالة الشرفية في النسب التأليفية |
| 264 | 1 |
_aفرانكفورت، ألمانيا : _bمعهد تاريخ العلوم العربية والإسلامية، _c1984. |
|
| 300 |
_a95 + 135 صفحة ؛ _c24 سم. |
||
| 336 |
_aنص _btxt _2rdacontent _3كتاب |
||
| 337 |
_aبدون وسيط _bn _2rdamedia |
||
| 338 |
_aمجلد _bnc _2rdacarrier |
||
| 490 | 0 |
_aسلسلة عيون التراث / معهد تاريخ العلوم العربية والإسلامية (فرانكفورت، ألمانيا) ؛ _v6 |
|
| 562 | _aمصور عن مخطوطة رقم 3653 من مكتبة نور عثمانية في إسطنبول وطبع الرسالة الشرفية بالتصوير عن مخطوطة أحمد الثالث 3460 مكتبة طوب قابوسراي في إسطنبول. | ||
| 650 | 7 |
_aالموسيقى العربية _2aucsh |
|
| 650 | 7 |
_aالموسيقى الشرقية _2aucsh |
|
| 942 |
_2ddc _cMANUSCRIPT _n0 |
||
| 949 |
_aSA-JeALM _d250925 _uosman123 _n1 |
||
| 999 |
_c12125 _d12125 |
||